Белое и черное: пер. с яп.; роман

Bibliografiske detaljer
Hovedforfatter: Ёкомидзо С. Сэйси
Summary:Неизвестный злоумышленник донимает юных красавиц грязными анонимками. Потом загадочным образом исчезает муж одной из них - Дзюнко Судо. Чтобы отыскать его, Дзюнко приглашает знаменитого частного сыщика Коскэ Киндаити, и тут же в доме напротив обнаруживается труп. Затем появляются и другие жертвы. Есть ли связь между убийствами и анонимками? Почему лицо одной из жертв изуродовано? При чем тут ворона с перевязанной лапкой? Даже самому Коскэ Киндаити не без труда даются ответы на эти вопросы.
Sprog:russisk
Udgivet: Москва, Иностранка, 2006
Serier:Лекарство от скуки
Fag:
Format: Bog
KOHA link:https://koha.lib.tpu.ru/cgi-bin/koha/opac-detail.pl?biblionumber=98525

MARC

LEADER 00000nam0a2200000 4500
001 98525
005 20231031111344.0
010 |a 5941453612 
035 |a (RuTPU)RU\TPU\book\105620 
090 |a 98525 
100 |a 20060620d2006 m y0rusy50 ca 
101 1 |a rus  |c jap 
102 |a RU 
105 |a y z 000ay 
200 1 |a Белое и черное  |e пер. с яп.  |e роман  |f С. Ёкомидзо 
210 |a Москва  |c Иностранка  |d 2006 
215 |a 447 с. 
225 1 |a Лекарство от скуки 
330 |a Неизвестный злоумышленник донимает юных красавиц грязными анонимками. Потом загадочным образом исчезает муж одной из них - Дзюнко Судо. Чтобы отыскать его, Дзюнко приглашает знаменитого частного сыщика Коскэ Киндаити, и тут же в доме напротив обнаруживается труп. Затем появляются и другие жертвы. Есть ли связь между убийствами и анонимками? Почему лицо одной из жертв изуродовано? При чем тут ворона с перевязанной лапкой? Даже самому Коскэ Киндаити не без труда даются ответы на эти вопросы. 
610 1 |a японская литература 
610 1 |a романы 
610 1 |a проза 
610 1 |a детективы 
675 |a 895.6  |v 3 
700 1 |a Ёкомидзо  |b С.  |g Сэйси 
801 1 |a RU  |b 63413507  |c 20060620  |g PSBO 
801 2 |a RU  |b 63413507  |c 20061215  |g PSBO 
942 |c BK 
959 |a 57/20060619  |d 1  |e 158,40  |f ХФ:1